Legal terminology explained /

Saved in:
Bibliographic Details
Main Author: Nolfi, Edward A.
Format: Book
Published: Boston : MCGraw Hill, c2009.
Subjects:
Online Access:http://www.loc.gov/catdir/enhancements/fy0808/2008000306-t.html
http://www.loc.gov/catdir/enhancements/fy0810/2008000306-d.html
Tags: Add Tag
No Tags, Be the first to tag this record!

MARC

LEADER 00000cam a22000004a 4500
005 20251006093905.0
020 |a 9780073511849  |c TZS 10,000/= 
040 |a MCCL  |b eng.  |e AACR 2nd rev. ed. 
082 0 0 |a REF 340.014 NOL  
100 1 |a Nolfi, Edward A., 
245 1 0 |a Legal terminology explained /  |c Edward A. Nolfi. 
260 |a Boston :  |b MCGraw Hill,  |c c2009. 
300 |a xix, 407 p. :  |b 1 map ;  |c 28 cm. 
500 |a Includes index. 
650 0 |a Law  |z United States 
650 0 |a Law  |z United States. 
650 0 |a Legal terminology 
856 4 1 |u http://www.loc.gov/catdir/enhancements/fy0808/2008000306-t.html 
856 4 2 |u http://www.loc.gov/catdir/enhancements/fy0810/2008000306-d.html 
942 |c BK 
999 |c 12001  |d 12001